000 00826cab a2200229 4500
001 E2716
008 090401t1995 xxu||||| |||| 00| 0 eng d
035 _a(Sirsi) u40613
041 _aeng
245 _aFowler v Smech Properties Ltd
260 _c1995
350 _a0
490 _aSLC
_v1996 R 83-90(8)
520 _aDivisional Court. D M Macdonald. Application Skye RN 548 - order of 15 January 1996. Crofter - acquisition of croft house site - possible challenge to applicant`s right to tenancy - delay in claiming tenancy - any such claim against the executor of the deceased tenant.
650 _aCROFTERS (SCOTLAND) ACT 1993
650 _aSCOTTISH LAND COURT
650 _aSLC
650 _aSUCCESSION
690 _aLANDLORD AND TENANT-CASE LAW-AGRICULTURAL TENANCIES
942 _n0
948 _c04/03/1997
999 _c26023
_d26023